书目信息 |
| 题名: |
《国民经济和社会发展第十一个五年规划纲要》学习辅导
|
|
| 作者: | 国民经济和社会发展第十一个五年规划纲要 编 ;本书编委会 著 | |
| 分册: | ||
| 出版信息: | 北京 中共中央党校出版社 2006.3 |
|
| 页数: | 284页 | |
| 开本: | 20cm | |
| 丛书名: | ||
| 单 册: | ||
| 中图分类: | F123.393 | |
| 科图分类: | ||
| 主题词: | 经济--中国 | |
| 电子资源: | ||
| ISBN: | 7-5035-3430-3 | |
| 000 | 01033 nam 000253 | |
| 001 | 0100005717 | |
| 005 | 20091117160821.87 | |
| 010 | @a7-5035-3430-3@dCNY25.00 | |
| 100 | @a20090702d2003 em y0chiy0121 ea | |
| 101 | @achi | |
| 102 | @aCN@b110000 | |
| 105 | @ay z 000yy | |
| 106 | @ar | |
| 200 | 10 | @a《国民经济和社会发展第十一个五年规划纲要》学习辅导@9guo min jing ji he she hui fa zhan di shi yi ge wu nian gui hua gang yao xue xi fu dao@f国民经济和社会发展第十一个五年规划纲要编@Fguo min jing ji he she hui fa zhan di shi yi ge wu nian gui hua gang yao bian |
| 210 | @a北京@c中共中央党校出版社@d2006.3 | |
| 215 | @a284页@d20cm | |
| 540 | @a《国民经济和社会发展第十一个五年规划纲要》学习辅导 | |
| 606 | @a经济@x中国 | |
| 690 | @aF123.393@v4 | |
| 701 | 0 | @a国民经济和社会发展第十一个五年规划纲要@Aguo min jing ji he she hui fa zhan di shi yi ge wu nian gui hua gang yao@4编 |
| 711 | 0 | @a本书编委会@9ben shu bian wei hui@4著 |
| 801 | @aCN@bCQULIB@c20091117 | |
| 901 | @a222222 | |
| 905 | @b905366-67@dF123.393@eG940@f2 | |
| 《国民经济和社会发展第十一个五年规划纲要》学习辅导/国民经济和社会发展第十一个五年规划纲要编.-北京:中共中央党校出版社,2006.3 |
| 284页;20cm |
| ISBN 7-5035-3430-3:CNY25.00 |
| ● |
| 相关链接 |
|
|
|
正题名:《国民经济和社会发展第十一个五年规划纲要
索取号:F123.393/G940
 
预约/预借
| 序号 | 登录号 | 条形码 | 馆藏地/架位号 | 状态 | 备注 |
| 1 | 905366 | 209053664 | 社科库409/409社科库 68排4列5层/ [索取号:F123.393/G940] | 在馆 | |
| 2 | 905367 | 209053673 | 社科库409/409社科库 68排4列5层/ [索取号:F123.393/G940] | 在馆 |